Chinese Communist education ; records of the first decade.

Bibliographic Details
Main Author: Fraser, Stewart
Format: Book
Language:English
Published: Nashville : Vanderbilt University Press, 1965.
Subjects:

MARC

Tag First Indicator Second Indicator Subfields
LEADER 00000cam a2200000 4500
001 in00000061228
005 20151008051638.0
008 720103s1965 tnu b 00000 eng u
010 |a  64018962  
035 |a (OCoLC)00189956 
035 |9 AAG9154AM 
040 |c WSU  |d TXA  |d UtOrBLW 
049 |a TXAM  |c [410846] 
050 0 |a LC1030  |b .F74 
092 |a 370.951  |b F842c, 1965 
100 1 |a Fraser, Stewart. 
245 1 0 |a Chinese Communist education ;  |b records of the first decade. 
264 1 |a Nashville :  |b Vanderbilt University Press,  |c 1965. 
300 |a xvi, 542 pages 
336 |a text  |b txt  |2 rdacontent 
337 |a unmediated  |b n  |2 rdamedia 
338 |a volume  |b nc  |2 rdacarrier 
504 |a Bibliography: pages [411]-496. 
650 0 |a Communist education. 
650 0 |a Education  |z China. 
999 |a MARS 
999 f f |s f74391df-509f-3712-899a-d697324b592a  |i 87b37f16-9340-36d4-8ac7-5f4ededed6d6  |t 0 
952 f f |p ric  |a Texas A&M University  |b Rellis Campus  |c Joint Library Facility  |d Remote Storage  |t 0  |e LC1030 .F74  |h Library of Congress classification  |i unmediated -- volume  |m A14800826568 
998 f f |a LC1030 .F74  |t 0  |l Remote Storage